00849nam a22002897a 45000010005000000030009000050050017000140070005000310080028000360200015000640400022000790920015001011000028001162400038001442450081001822500012002632600034002753000026003094900017003357000026003528300017003789100008003959420012004039520109004159560020005249990015005440115DO-SdBNP20151112143511.00115151005b1986 sp 00| 0 spa d a8402086993 aBPMSUbspacBPMSU aXXXXbXXXX1 aVerne, Juliod1828-190513aUn capitaine de quinze ans /lfre13aUn capitán de quince años /cJulio Verne ; ilustraciones Pedro Alférez a3a. ed. aBarcelona :bBruguera,c1986. a223 p. :bil.c13 cm.1 aBruguerav1112aAlférez, Pedroeil. 0aBrugueran11 a202 2ddccBK 00102ddc40708EXTaBPMETbBPMETd2015-11-12eDonaciónl0pBPMET15110214r2015-11-12w2015-11-12yBK aYngrid Lockward c8664d8664